Central Library OPAC University of Rajshahi

রবীন্দ্রনাথের সাহিত্যতত্ত্ব / (Record no. 71280)

MARC details
000 -LEADER
fixed length control field 00992nam a2200253 a 4500
001 - CONTROL NUMBER
control field 71280
003 - CONTROL NUMBER IDENTIFIER
rucl marc code BD-RjUL
005 - DATE AND TIME OF LATEST TRANSACTION
control field 20211209082109.0
008 - FIXED-LENGTH DATA ELEMENTS--GENERAL INFORMATION
fixed length control field 170430s1965 ii ||||| |||| 00| 0 ben d
020 ## - INTERNATIONAL STANDARD BOOK NUMBER
Terms of availability : TK. 4.00
035 ## - SYSTEM CONTROL NUMBER
System control number (BD-RjUL)71496
040 ## - CATALOGING SOURCE
Original cataloging agency BD-RjUL
Language of cataloging ben
Transcribing agency BD-RjUL
Modifying agency BD-RjUL
041 ## - LANGUAGE CODE
Language code of text/sound track or separate title ben
082 ## - DEWEY DECIMAL CLASSIFICATION NUMBER
Edition number 23
Classification number 891.4414
Author mark and year SAR 1965
100 ## - MAIN ENTRY--PERSONAL NAME
Personal name সরকার, অমূল্য
9 (RLIN) 210906
245 ## - TITLE STATEMENT
Title রবীন্দ্রনাথের সাহিত্যতত্ত্ব /
Statement of responsibility, etc. অমূল্য সরকার
260 ## - PUBLICATION, DISTRIBUTION, ETC. (IMPRINT)
Place of publication, distribution, etc. কলিকাতা :
Name of publisher, distributor, etc. প্রশান্তকুমার পালিত,
Date of publication, distribution, etc. ১৯৬৫.
300 ## - PHYSICAL DESCRIPTION
Pagination ১৬৭ পৃ. ;
Size ২৪ সেমি.
600 ## - SUBJECT ADDED ENTRY--PERSONAL NAME
Personal name ঠাকুর, রবীন্দ্রনাথ
Dates associated with a name ১৮৬১-১৯৪১
Personal name Tagore, Rabindranath
Dates associated with a name 1861-1941
650 ## - SUBJECT ADDED ENTRY--TOPICAL TERM
Topical term or geographic name as entry element বাংলা সাহিত্য
9 (RLIN) 210909
Topical term or geographic name as entry element Bengali Literature
9 (RLIN) 210910
942 ## - ADDED ENTRY ELEMENTS (KOHA)
Source of classification or shelving scheme Dewey Decimal Classification
Koha item type Books
Holdings
Lost status Source of classification or shelving scheme Damaged status Not for loan Collection code Permanent Location Current Location Shelving location Date acquired Source of acquisition Total Checkouts Full call number Date last seen Copy number Koha item type
  Dewey Decimal Classification   Not For Loan Non-fiction Central Library, University of Rajshahi Central Library, University of Rajshahi Reading Room 09/12/2021 Presented by India Govt.   B 891.4414 SAR 1965 30/04/2017 C-1 Books